| 000 | 00548nam a22001817a 4500 | ||
|---|---|---|---|
| 003 | OSt | ||
| 005 | 20250711084850.0 | ||
| 008 | 250711b |||||||| |||| 00| 0 eng d | ||
| 020 | _a9789351150510 | ||
| 040 |
_aDWCL - Main lib _cOC |
||
| 082 | _aCirc. 696.1 P734 2014 | ||
| 245 | _aPlumbing/ | ||
| 260 |
_aUAE : _b3G Elearning FZ LLC, _c c2014. |
||
| 300 |
_av, 264 pages : _b illustrations ; _c 24 cm. + 1 DVD (sd., col., 4 3/4 in.) |
||
| 504 | _aIncludes bibliographical references. | ||
| 650 | _a1.Plumbing. | ||
| 942 |
_2ddc _cBK-CIRC _kCirc. _n0 |
||
| 999 |
_c3630 _d3630 |
||